Historia de la eternidad
Ensayos sobre el tiempo, lo infinito y finito. Esta obra sobre la interpretación del autor de las visiones de Platón, el Cristianismo y la doctrina de Nietzsche sobre la eternidad.
Guardado en:
| Hovedforfatter: | |
|---|---|
| Format: | Bog |
| Sprog: | Undetermined |
| Udgivet: |
Madrid, España
Editorial Alianza
2000
|
| Fag: | |
| Tags: |
Tilføj Tag
Ingen Tags, Vær først til at tagge denne postø!
|
MARC
| LEADER | 00000nam a2200000Ia 4500 | ||
|---|---|---|---|
| 008 | 170316s9999 xx 000 0 und d | ||
| 040 | |a cru BVZT | ||
| 090 | |a 860 B-32hi | ||
| 100 | |a Borges, Jorge Luis |9 1174 | ||
| 245 | |a Historia de la eternidad |c / Jorge Luis Borges | ||
| 260 | |a Madrid, España |b Editorial Alianza |c 2000 | ||
| 300 | |a 179 páginas | ||
| 520 | |a Ensayos sobre el tiempo, lo infinito y finito. Esta obra sobre la interpretación del autor de las visiones de Platón, el Cristianismo y la doctrina de Nietzsche sobre la eternidad. | ||
| 650 | |a LITERATURA LATINOAMERICANA |9 15 | ||
| 650 | |a LAS KENNINGAR |9 1198 | ||
| 650 | |a LA METAFORA |9 1199 | ||
| 650 | |a LA DOCTRINA DE LOS CICLOS |9 1200 | ||
| 650 | |a EL TIEMPO CIRCULAR |9 1201 | ||
| 999 | |c 8431 |d 8431 | ||
| 942 | |c 15 D |h 860 B-32hi |2 z | ||
